000
00316nam a2200133 a 4500
005
20141022142007.0
008
090825s19uu xx 00 eng d
050
_a
AVM
245
_a
Legal Guide:
_b
Forming a Partnership.
260
_b
Entrepreneur Press.
650
_a
VCD
650
_a
Legal Guide
942
_c
AVM
999
_c
276585
_d
276585